000 02035nam0a2200373 i 4500
001 RU\NLR\bibl\2055180
005 20260406143631.0
010 _a9785211064690
_9500
021 _aRU
_b2013-49789
_93449
035 _a(NLR Aleph) 002042108
090 _a4601044
_c4601044
100 _a20130718d2013 k||y0rusy50 ca
101 0 _arus
_deng
102 _aRU
105 _aach z|||000yy
200 1 _aРоссия - Средняя Азия
_dRissia and Central Asia
_eполитика и ислам в конце XVIII - начале XXI века
_f[Ф.М. Мухаметшин, С.Н. Абашин, Д.Ю. Арапов и др.
_gред. совет: акад. РАН А.А. Кокошин (гл. ред.) и др.]
_gФак. мировой политики МГУ им. М.В. Ломоносова
_zeng
210 _aМосква
_cИзд-во Московского университета
_d2013
215 _a475, [3] с., [16] л. ил., цв. ил., факс., портр.
_d22
320 _aБиблиогр. в подстроч. примеч.
510 1 _aRissia and Central Asia
_zeng
606 1 _aИслам и политика
_yСредняя Азия
_z20 в.
_92614454
_3RU\NLR\AUTH\661551012
686 2 _aЭ38-39(257)7-11
701 1 _aМухаметшин
_bФ.М.
_f1947-
_gФарит Мубаракшевич
701 1 _4070
_7ca
_8rus
_aАбашин
_bС. Н.
_f1965-
_gСергей Николаевич
_9243123
_3RU\NLR\AUTH\770243179
701 1 _aАрапов
_bД.Ю.
_f1943-
_gДмитрий Юрьевич
702 1 _4340
_8rus
_7ca
_aКокошин
_bА. А.
_f1945 -
_gАндрей Афанасьевич
_3RU\NLR\AUTH\773788
_9113780
712 0 2 _4570
_aМГУ им. М. В. Ломоносова
_bФакультет мировой политики
_9640061
_3RU\NLR\AUTH\8810069241
801 0 _aRU
_bNLR
_c20130718
_gRCR
801 1 _aRU
_bNLR
_c20130718
942 _cBOOK
980 _aNBR